Acciones civiles en el nuevo proceso penal

Saved in:
Bibliografiske detaljer
Hovedforfatter: Cisterna Pino, Adolfo (autor)
Format: Bog
Sprog:spansk
Udgivet: Santiago, Chile Librotecnia 2005
Udgivelse:1a. ed
Fag:
Tags: Tilføj Tag
Ingen Tags, Vær først til at tagge denne postø!

MARC

LEADER 00000nam a2200000 a 4500
001 UCK7992
003 CL-VaPUC
005 20210611001418.0
008 060105e20050000CL |||||||||||||||||spa|d
999 |c 315830  |d 315828 
020 |a 956795027X 
040 |c Pontificia Universidad Católica de Valparaíso 
082 0 4 |a 345.05 CIS 2005  |2 21 
100 0 |a Cisterna Pino, Adolfo  |e autor  |9 497741 
245 1 0 |a Acciones civiles en el nuevo proceso penal 
250 |a 1a. ed 
260 0 3 |a Santiago, Chile  |b Librotecnia  |c 2005 
300 |a 215 páginas 
583 |a last modification  |c 20160105 12:06:51  |k Rodrigo Vera 
650 0 |a Proceso penal  |9 381370 
650 0 |a Derecho procesal penal  |9 255496  |x Recursos procesales 
942 |c BK  |2 ddc 
945 |d 20060105 00:00:00  |a jtorresc 
952 |0 0  |1 0  |2 ddc  |4 0  |6 345_050000000000000_CIS_2005  |7 0  |8 A  |9 389618  |a BIBDER  |b BIBDER  |d 2019-11-22  |i 4196864  |o 345.05 CIS 2005  |p 4196864  |r 2019-11-22  |t 1  |w 2019-11-22  |y BK  |k DER 
952 |0 0  |1 0  |2 ddc  |4 0  |6 345_050000000000000_CIS_2005  |7 0  |8 A  |9 389619  |a BIBDER  |b BIBDER  |d 2019-11-22  |i 4392280  |l 2  |o 345.05 CIS 2005  |p 4392280  |r 2023-01-25  |s 2021-10-11  |t 2  |w 2019-11-22  |y BK  |k DER